=LDR 00000nam 2200000 4500 =001 NUTBA000000000006127 =005 20200220125115 =035 ##$$a 0010-111400000000606 =008 200220################g##########0#ind## =020 ##$$a 979-2442-21-9 =082 ##$$a 153.9 =100 ##$$a Juli Yanto, =245 1#$$a Aku harus mandiri /$c Juli Yanto, S. Sos. =250 ##$$a Cet.2 =260 ##$$a Jakarta :$b Citraunggul Laksana,$c 2011 =300 ##$$a iv,70 Hlm : $b ilus ; $c 23 x 18 cm. =084 ##$$a 153.9 JUL a =500 ##$$a Bibliografi; hlm. 69 =650 #4$$a Kemampuan - Mandiri =990 ##$$a 21305771 =990 ##$$a 21305773 =990 ##$$a 21305772 =990 ##$$a 21305770 =990 ##$$a 21305769